О структуре учебных планов и направлений их усовершенствования; 90 лет высшему геологическому образованию в Сибири и на Дальнем Востоке

Bibliographic Details
Parent link:90 лет высшему геологическому образованию в Сибири и на Дальнем Востоке.— 1991.— С. 140-141
Main Author: Дементьев Г. Н.
Language:Russian
Published: 1991
Subjects:
Format: MixedMaterials Book Chapter
KOHA link:https://koha.lib.tpu.ru/cgi-bin/koha/opac-detail.pl?biblionumber=173851

MARC

LEADER 00000naa2a2200000 4500
001 173851
005 20231031164529.0
035 |a (RuTPU)RU\TPU\book\188539 
090 |a 173851 
100 |a 20100111d1991 k y0rusy50 ca 
101 0 |a rus 
102 |a RU 
200 1 |a О структуре учебных планов и направлений их усовершенствования  |f Г. Н. Дементьев 
463 0 |0 (RuTPU)RU\TPU\book\150008  |t 90 лет высшему геологическому образованию в Сибири и на Дальнем Востоке  |o материалы к конференции, посвященной 90-летию начала подготовки геологических кадров в Сибири  |o сборник  |f Томский политехнический институт (ТПИ) ; отв. ред. С. Л. Шварцев  |v С. 140-141  |d 1991  |p 180 с. 
610 1 |a труды учёных ТПУ 
700 1 |a Дементьев  |b Г. Н.  |4 070 
801 1 |a RU  |b 63413507  |c 20100111 
801 2 |a RU  |b 63413507  |c 20100519  |g RCR 
942 |c BK